| 000 | 00495nam a2200181 4500 | ||
|---|---|---|---|
| 001 | 522 | ||
| 003 | OCoLC | ||
| 005 | 20181127161602.0 | ||
| 008 | 990107r19991997nyu 000 1 eng d | ||
| 020 | _a0451197747 (pbk.) | ||
| 043 | _an-us-il | ||
| 100 | 1 | _aMitchard, Jacquelyn. | |
| 245 | 1 | 4 |
_aThe deep end of the ocean / _cJacquelyn Mitchard. |
| 260 |
_aNew York : _bSignet, _c1999, c1996. |
||
| 300 |
_a447 p. ; _c18 cm. |
||
| 650 | 0 |
_aMissing children _vFiction. |
|
| 651 | 0 |
_aChicago (Ill.) _vFiction. |
|
| 999 |
_c396 _d396 |
||